| 000 | 00819cad a22002055a 4500 | ||
|---|---|---|---|
| 001 | L150693 | ||
| 008 | 100715e20100726xxk 000 0 eng d | ||
| 035 | _a(Sirsi) u150693 | ||
| 041 | 0 | _aeng | |
| 110 | 2 |
_aNational Federation of Builders _94086 |
|
| 245 | 0 | 0 |
_aNFB welcomes growth in GDP but cautions about the tougher times ahead _h[electronic resource] |
| 260 | _c2010 | ||
| 490 |
_aNFB Press Release _v26 July 2010 |
||
| 520 | _aConstruction output in the UK rose 6.6% in the second quarter, compared with a decrease of 1.6% in the previous quarter. | ||
| 590 | _aKA | ||
| 651 | 4 |
_aUnited Kingdom _y |
|
| 690 | _aBUILT ENVIRONMENT | ||
| 856 | 4 | 0 |
_uhttps://www.builders.org.uk/resources/nfb/000/290/816/NFB_welcomes_GDP_increase_Web.pdf _zView the press release free of charge at www.builders.org.uk |
| 942 | _n0 | ||
| 999 |
_c82609 _d82609 |
||